000 00354 a2200157 4500
001 75781
020 _a9788520000991
040 _cAnchieta - Colégio São Paulo
100 _aNaumann-Villemin, Christine
240 1 0 _aIsca, Faísca
_lpor
245 1 0 _aIsca, Faísca
300 _a37
362 0 _a2015
650 4 _aLiteratura infantil
942 _cBK
999 _c75781
_d75781